Tilastot visalle Pikselöity maailmankartta

Klikkaa tästä pelataksesi tätä visaa!

Yleistilastot

  • Tätä visaa on pelattu 707 kertaa
  • Keskiarvotulos 996 / 1129

Vastaukset kartalla

Vastauksille on annettu kartalla punavihreä väri sen mukaan, kuinka moni on saanut sen oikein.
Ladataan ...
 

Vastaustilastot

Valtio% Oikein
Suomi
99%
Venäjä
98%
Ruotsi
98%
Norja
98%
Yhdysvallat
97%
Kiina
97%
Kanada
97%
Ranska
96%
Australia
95%
Brasilia
95%
Tanska
95%
Saksa
94%
Meksiko
94%
Yhdistynyt kuningaskunta
93%
Irlanti
92%
Islanti
92%
Japani
92%
Intia
92%
Espanja
91%
Etelä-Afrikka
91%
Puola
91%
Italia
90%
Turkki
89%
Chile
89%
Argentiina
88%
Egypti
88%
Alankomaat
87%
Kreikka
86%
Iran
86%
Etelä-Korea
86%
Valko-Venäjä
86%
Mongolia
85%
Pohjois-Korea
85%
Ukraina
85%
Thaimaa
85%
Indonesia
84%
Peru
84%
Liettua
83%
Uusi-Seelanti
83%
Madagaskar
82%
Marokko
82%
Irak
82%
Kazakstan
81%
Niger
80%
Kongon demokraattinen tasavalta
80%
Saudi-Arabia
80%
Kongon tasavalta
80%
Tšekki
79%
Somalia
78%
Nigeria
77%
Venezuela
77%
Algeria
77%
Kolumbia
77%
Uruguay
76%
Libya
76%
Unkari
75%
Romania
74%
Sudan
74%
Paraguay
73%
Pakistan
72%
Itävalta
72%
Bolivia
72%
Tunisia
71%
Vietnam
71%
Etiopia
71%
Kenia
70%
Bulgaria
69%
Filippiinit
69%
Afganistan
68%
Tansania
66%
Nepal
66%
Namibia
66%
Oman
66%
Jemen
66%
Syyria
66%
Laos
65%
Papua-Uusi-Guinea
65%
Serbia
64%
Ecuador
64%
Norsunluurannikko
63%
Myanmar
63%
Malesia
63%
Mali
63%
Uzbekistan
62%
Angola
62%
Keski-Afrikan tasavalta
61%
Etelä-Sudan
60%
Tšad
60%
Guyana
58%
Turkmenistan
58%
Suriname
57%
Bangladesh
57%
Mauritania
57%
Mosambik
55%
Eritrea
54%
Ghana
53%
Uganda
52%
Zimbabwe
52%
Senegal
51%
Guinea
49%
Sambia
49%
Botswana
48%
Tadžikistan
48%
Kirgisia
47%
Guatemala
47%
Nicaragua
47%
Jordania
47%
Kambodža
46%
Azerbaidžan
45%
Kamerun
44%
Gabon
42%
Benin
41%
Burkina Faso
39%
Sierra Leone
39%

Tulosjakauma

Persentiili vastausten määrän mukaan

Jokaisen tuloksen saaneiden osuus

Tuloshistoriasi

Et ole pelannut tätä visaa